00736nac a22002171u 4500010001300000020001500013082001900028090001500047100003400062245008100096250001200177260005000189300002900239500002000268650002000288650003700308740003100345942002100376999001500397952010600412 a75311164 a185573995X00a677.022bG8778 c1019d1019 aGrosicki, Z. 10aWatson's Textile design and colour :belementary weaves and figured fabrics. a7th ed. aLondon :bWoodhead publishing limited,c1975. a387 p. :bill. ;c24 cm. aIncludes index. 0aTextile design. 0aColor in the textile industries.0 aTextile design and colour. cBBk677.022G8778 c1019d1019 00104070aMAINbMAINc1STd2016-08-06ePurchasel0o677.022 GROp000003485r2025-07-15 00:00:00yBB